<?xml version="1.0" encoding="UTF-8"?>
<record
    xmlns:xsi="http://www.w3.org/2001/XMLSchema-instance"
    xsi:schemaLocation="http://www.loc.gov/MARC21/slim http://www.loc.gov/standards/marcxml/schema/MARC21slim.xsd"
    xmlns="http://www.loc.gov/MARC21/slim">

  <leader>01642nam a22002177a 4500</leader>
  <controlfield tag="003">OSt</controlfield>
  <controlfield tag="005">20260410093837.0</controlfield>
  <controlfield tag="008">260410b        |||||||| |||| 00| 0 eng d</controlfield>
  <datafield tag="082" ind1=" " ind2=" ">
    <subfield code="2">1416558972</subfield>
    <subfield code="a">1416558972</subfield>
    <subfield code="b">1416558972</subfield>
  </datafield>
  <datafield tag="100" ind1=" " ind2=" ">
    <subfield code="a">Bob Woodward</subfield>
  </datafield>
  <datafield tag="245" ind1=" " ind2=" ">
    <subfield code="a">The War Within: A Secret White House History 2006-2008.</subfield>
  </datafield>
  <datafield tag="250" ind1=" " ind2=" ">
    <subfield code="a">1edicion </subfield>
  </datafield>
  <datafield tag="260" ind1=" " ind2=" ">
    <subfield code="a">Nueva York, Estados Unidos</subfield>
    <subfield code="b">Simon &amp; Schuster</subfield>
    <subfield code="c"> 2008</subfield>
  </datafield>
  <datafield tag="300" ind1=" " ind2=" ">
    <subfield code="a">512 p&#xE1;g</subfield>
    <subfield code="c">15x23</subfield>
  </datafield>
  <datafield tag="490" ind1=" " ind2=" ">
    <subfield code="3"> Papel de fibra de madera</subfield>
  </datafield>
  <datafield tag="520" ind1=" " ind2=" ">
    <subfield code="a">el caos interno en la Casa Blanca de George W. Bush durante la etapa m&#xE1;s cr&#xED;tica de la guerra de Irak (2006-2008).
Bob Woodward revela las profundas divisiones y desconfianza entre los l&#xED;deres militares, el Pent&#xE1;gono y los asesores presidenciales.
El relato se centra en el origen del "Surge" (el env&#xED;o masivo de refuerzos), una estrategia impulsada contra la opini&#xF3;n de muchos expertos.
A trav&#xE9;s de entrevistas exclusivas, se expone un presidente aislado que ignora las advertencias sobre el fracaso de la ocupaci&#xF3;n.
El libro documenta c&#xF3;mo el uso de tecnolog&#xED;a de vigilancia avanzada fue clave para diezmar a los insurgentes iraqu&#xED;es.
Tambi&#xE9;n analiza la relaci&#xF3;n tensa entre Bush y generales clave como David Petraeus en un intento por salvar su legado.Woodward critica la falta de una estrategia pol&#xED;tica clara, mostrando un gobierno en guerra consigo mismo.
Es una cr&#xF3;nica cruda sobre c&#xF3;mo el poder y el secreto definieron el destino de un conflicto altamente impopular.</subfield>
  </datafield>
  <datafield tag="648" ind1=" " ind2=" ">
    <subfield code="v">Pr&#xF3;logo</subfield>
  </datafield>
  <datafield tag="650" ind1=" " ind2=" ">
    <subfield code="v">Glosario de Nombres (Key Figures)</subfield>
    <subfield code="x">Notas del Autor y Fuentes</subfield>
  </datafield>
  <datafield tag="700" ind1=" " ind2=" ">
    <subfield code="a">Bob Woodward</subfield>
  </datafield>
  <datafield tag="942" ind1=" " ind2=" ">
    <subfield code="2">ddc</subfield>
    <subfield code="c">BK</subfield>
    <subfield code="n">0</subfield>
  </datafield>
  <datafield tag="952" ind1=" " ind2=" ">
    <subfield code="0">0</subfield>
    <subfield code="1">0</subfield>
    <subfield code="2">ddc</subfield>
    <subfield code="4">0</subfield>
    <subfield code="7">0</subfield>
    <subfield code="8">F02</subfield>
    <subfield code="a">ISUS</subfield>
    <subfield code="b">ISUS</subfield>
    <subfield code="c">Biblioteca Abierta</subfield>
    <subfield code="d">2026-04-10</subfield>
    <subfield code="e">LECTURA</subfield>
    <subfield code="f">0485</subfield>
    <subfield code="i">0485</subfield>
    <subfield code="l">0</subfield>
    <subfield code="o">LECTURA</subfield>
    <subfield code="p">BIBLIO0485</subfield>
    <subfield code="r">2026-04-10 09:39:43</subfield>
    <subfield code="t">1</subfield>
    <subfield code="w">2026-04-10</subfield>
    <subfield code="y">BK</subfield>
  </datafield>
  <datafield tag="999" ind1=" " ind2=" ">
    <subfield code="c">2061</subfield>
    <subfield code="d">2061</subfield>
  </datafield>
</record>
